El Inca Garcilaso, traductor de culturas /

Shranjeno v:
Bibliografske podrobnosti
Glavni avtor: López-Baralt, Mercedes (autor)
Format: Knjiga
Jezik:španščina
Izdano: Madrid, España : Frankfurt, Alemania : Editorial Iberoamericana ; Vervuert, 2011, c2011
Serija:(Parecos y Australes ; Ensayos de Cultura de la Colonia) 10.
Teme:
Oznake: Označite
Brez oznak, prvi označite!

MARC

LEADER 00000nam^a2200000^a^4500
001 000365195
005 20250521000000.0
009 20260310115636.679
020 |a 978-84-8489-584-8 
020 |a 978-3-86527-632-2 
037 |a Acervo Xavier Clavigero 
041 |a ESP 
082 |a 985. 03  |b LOP 
100 |a López-Baralt, Mercedes  |e (autor) 
245 1 3 |a El Inca Garcilaso, traductor de culturas /  |c M. López-Baralt. 
264 4 |a Madrid, España :  |b Editorial Iberoamericana ;  |a Frankfurt, Alemania :  |b Vervuert,  |c 2011, c2011 
300 |a 336 p. 
336 |a texto  |b txt  |2 rdacontenido 
337 |a sin mediación  |b n  |2 rdamedio 
338 |a volumen  |b nc  |2 rdasoporte 
440 1 |a (Parecos y Australes ;  |v 10.  |p Ensayos de Cultura de la Colonia) 
649 |a XX 
650 |a Historiadores Peruanos 
650 |a Mestizaje -  |z Perú -  |x Historia -  |y Epoca Colonial, 1542-1824 -  |x Tema Principal 
650 |a Identidad Cultural -  |z Perú -  |x Tema Principal 
650 |a Diferencia y Otredad en la Literatura 
650 |a Relaciones Interculturales -  |z España-Perú 
650 |a Literatura Peruana -  |y Siglo XVI 
650 |a Literatura Peruana -  |x Historia y Crítica 
650 |a Literatura y Sociedad -  |z Perú 
650 |a Literatura e Historia -  |z Perú 
650 |a Antropología Cultural 
650 |a Perú -  |x Historia -  |y Epoca Colonial, 1542-1824 -  |x Tema Principal 
650 |a Vega, Garcilaso de la,  |c El Inca -  |x Tema Principal 
910 |a Fondo General 
920 |a Impresos - Libros 
930 |a Colección General 
905 |a 101 
901 |a 0500258941  |b IT1  |c ACC  |i FXC C1216  |u 20250521 
902 |a https://opac.biblio.iteso.mx/vufind/Record/000365195